000 00669nam a2200241Ia 4500
003 GCL
008 140319s9999 xx 000 0 eng d
020 _a1857151534
040 _aGCL /
_cGCL
082 0 4 _a821
_bM C
100 1 _aMARVEL, ANDREW
245 1 0 _aTHE COMPLETE POEMS /
_cMARVEL, ANDREW
700 1 _aLORD, GEORGE DE F.
700 1 _aALVAREZ, A.
260 _aانجلترا :
_bEVERYMAN'S LIBRARY ،
_c1993
300 _a21 CM ؛
_cIXV, 274 P
490 _aTHE MILLENNIUM LIBRARY
_v153
650 0 4 _aENGLISH POETRY
650 0 4 _aENGLISH LITERATURE
650 0 4 _aLITERATURE
650 0 4 _aLATIN POETRY - TRANSLATION INTO ENGLISH
942 _2ddc
_cBK
999 _c5904
_d5904